000247979 001__ 247979
000247979 005__ 20260201182705.0
000247979 022__ $$2(DE-600)3117647-1$$a2689-7857
000247979 022__ $$a2689-7857$$l2689-7857
000247979 022__ $$a2689-7865
000247979 0247_ $$2ZDBID$$aPERI:(DE-600)3019959-1
000247979 0247_ $$2ZDBPPN$$aZDPPN:1209549239
000247979 0247_ $$2EZBID$$aPERI:(DE-606)496877
000247979 0247_ $$2EZBID$$aPERI:(DE-606)496877
000247979 0247_ $$2OCLC$$aOCLC:1226616527
000247979 0247_ $$2Medline$$amedline:101774582
000247979 035__ $$aPERI:(DE-600)3019959-1
000247979 040__ $$a0355$$bger$$cDE-101$$dJOIN²$$eJOIN² journal identification
000247979 041__ $$aeng
000247979 044__ $$cXD-US
000247979 082__ $$223sdnb$$a330$$qDE-600
000247979 08274 $$223sdnb$$a330$$qDE-600
000247979 084__ $$2fid$$aINTRECHT$$qDE-1a
000247979 2100_ $$2iso$$aEnviron Energy Policy Econ
000247979 2100_ $$2dnlm$$aEnviron Energy Policy Econ
000247979 2100_ $$2iso$$aEnviron Energy Policy Econ
000247979 24220 $$2DE-600$$aEnvironmental and energy policy and the economy$$yen
000247979 24220 $$2DE-600$$aEnvironmental and energy policy and the economy
000247979 245__ $$2DE-600$$aEnvironmental and energy policy and the economy$$hprint, online
000247979 2463_ $$2DE-600$$aEnvironmental and energy policy and the economy
000247979 2463_ $$aEnvironmental and energy policy and the economy
000247979 260__ $$aChicago, IL$$bThe University of Chicago Press$$c[2020]-
000247979 260__ $$aGetzville, NY$$bHeinOnline$$c[2020]-
000247979 26431 $$aChicago, IL$$bThe University of Chicago Press$$c[2020]-
000247979 26431 $$aGetzville, NY$$bHeinOnline$$c[2020]-
000247979 3620_ $$2DE-600$$aVolume 1 (2020)-
000247979 36301 $$2DE-600$$81.1\x$$a1$$i2020
000247979 380__ $$2marcgt$$ajournal
000247979 500__ $$aAutomatically generated record. (Updated: 2025-11-07)
000247979 65310 $$2EZB-Subject$$aBusiness and Economics
000247979 65310 $$2EZB-Subject$$aEnergy Technology
000247979 65310 $$2EZB-Subject$$aNature Conservation, Environmental Protection
000247979 65310 $$2EZB-Keyword$$aEnergiewirtschaft
000247979 65310 $$2EZB-Keyword$$aUmweltpolitik
000247979 77608 $$2DE-600$$dChicago : The University of Chicago Press, [2020]-$$iErscheint auch als$$nDruck-Ausgabe$$tEnvironmental and energy policy and the economy$$w(DE-600)3117647-1$$x2689-7857
000247979 8564_ $$d0$$uhttps://ezb.ur.de/?3019959-1$$yEZB
000247979 8564_ $$d0$$uhttps://heinonline.org$$yAggregator
000247979 8564_ $$d0$$uhttps://www.journals.uchicago.edu/loi/eepe$$yVerlag; Volltext nach 24 Monaten frei verfügbar = teilw. kostenfrei
000247979 8801_ $$2DE-600$$aEnvironmental and energy policy and the economy
000247979 909CO $$ooai:juser.fz-juelich.de:913331$$pauthority$$pauthority:PERI
000247979 909CO $$ooai:juser.fz-juelich.de:913331
000247979 915__ $$0StatID:(DE-HGF)0300$$2StatID$$aDBCoverage$$bMedline$$d2025-11-07
000247979 980__ $$aPERI
000247979 980__ $$aAUTHORITY